000 00951cam a2200145 4500
001 J119371
008 020816n1892 000 0 eng u
035 _a(Sirsi) u119373
050 _a348.41047
110 _aIncoporated Council of Law Reporting for England and Wales
245 4 _aThe law reports of the Incorporated Council of Law Reporting for England and Wales. Digest of cases decided by the House of Lords, Privy Council, superior courts of common law and equity, Admiralty and ecclesiatical courts, courts for probate, divorce and matrimonial caises, and for Crown cases reserved and by the Court of Appeal, the serveral divisions of the High Court of Justice, the Chief Judge in bankruptcy and the Railway and Canal Commission, together with a digestof the important statutes from the commencement of the Michaelmas term, 1865, to the end of Trinity sittings, 1890.
260 _aLondon
_bICLR
_c1892
300 _a3v.
_c24cm.
942 _n0
999 _c102298
_d102298